| 000 | 01540cdm a22002415a 4500 | ||
|---|---|---|---|
| 001 | 148804 | ||
| 008 | 091111s2008 xxk f 000 0 eng d | ||
| 020 | _a9780749454890 | ||
| 035 | _a(Sirsi) u148804 | ||
| 041 | 0 | _aeng | |
| 050 | 0 | 4 | _a706.8 |
| 245 | 0 | 4 |
_aThe international art markets _bthe essential guide for collectors and investors _h[electronic resource] |
| 260 |
_aLondon _bKogan Page _c2008 |
||
| 300 | _aeBook | ||
| 520 | _a"The International Art Markets" shows like no other book the huge scope for diversification within that market. In 43 chapters, written by 58 mostly locally-based experts from the art trade, it covers 21 countries from Europe, 12 from Asia and Australasia, five from South America, four from the Middle East and Africa, and two from North America. It deliberately gives equal weighting to each art market, despite the predominance of the USA and Britain. Each chapter provides the following essential information you need to understand the market in each country: art market history including taste, fashion, value, artists, art types, subjects, sales, prices and records; market structure and performance including auctioneers, dealers, trade associations, museums, exhibitions, fairs, training and education; and tax and regulation. | ||
| 590 | _aka | ||
| 650 | 2 | 4 | _aEBOOK |
| 651 | 4 | _aENGLAND AND WALES | |
| 690 | _aArt and antiques | ||
| 700 | 1 |
_aGoodwin, James _eEditor |
|
| 856 | 4 | 8 |
_uhttps://www.vlebooks.com/ _zView on VLEbooks. Logins for members only from [email protected] |
| 942 | _n0 | ||
| 999 |
_c110233 _d110233 |
||